| 000 | 00492nam a22001697a 4500 | ||
|---|---|---|---|
| 999 |
_c41271 _d41271 |
||
| 003 | OSt | ||
| 005 | 20210412142114.0 | ||
| 008 | 210412b ||||| |||| 00| 0 eng d | ||
| 020 | _a9788182719101 | ||
| 040 | _coclc | ||
| 082 |
_a297 _bKAR/L |
||
| 100 |
_91839 _a Karakunnu, Sheikh Mohammed |
||
| 245 |
_aLokanugrahi/ _cShaikh Muhammed Karakunnu |
||
| 260 |
_aKozhikode: _b Islamic Publishing House |
||
| 300 | _a142 pages | ||
| 942 |
_2ddc _cBK _h297 _iKAR/L _k297 _mKAR/L |
||